[Event "Autumn"]
[Site "Venice ITA"]
[Date "2003.11.01"]
[Round "4"]
[White "Pfeifer,A"]
[Black "Roberti,I"]
[Result "1-0"]
[WhiteElo "2122"]
[BlackElo "1990"]

1.e4 c5 2.Nf3 Nc6 3.Bb5 g6 4.O-O Bg7 5.Re1 e6 6.c3 Nge7 7.d4 cxd4 8.cxd4 O-O
9.Nc3 d5 10.e5 Nf5 11.Bd3 Nh4 12.Be3 Nxf3+ 13.Qxf3 Nb4 14.Bb1 b6 15.a3 Nc6
16.Bd3 Bb7 17.Qh3 Na5 18.Rad1 Qc8 19.Nb5 Qd7 20.Nc3 Nc4 21.Bc1 Rac8 22.Ne2 Rc7
23.Nf4 Rfc8 24.Nh5 Qe7 25.Nxg7 Kxg7 26.Qh6+ Kg8 27.h4 Qf8 28.Qf4 Qg7 29.Bb1 Ba6
30.Bd3 Bb7 31.Bf1 Na5 32.h5 Nb3 33.h6 Qf8 34.Be3 Rc2 35.Bc1 Bc6 36.Bd2 Rxb2
37.Bb4 Qd8 38.Bd6 Be8 39.Bd3 Ba4 40.Re3 Nc1 41.Rf3 Ne2+ 42.Bxe2 Be8 43.Bb5 Rxb5
44.Rc1 Rxc1+ 45.Qxc1 f5 46.Rc3 Bd7 47.Rc7 a5 48.Rb7 Kf7 49.Rb8 Qxb8 50.Bxb8 Rb3
51.Bd6 b5 52.Qc5 Rb1+ 53.Kh2  1-0

[Event "WYg16"]
[Site "Halkidiki GRE"]
[Date "2003.11.02"]
[Round "11"]
[White "Bayaraa,Z"]
[Black "Vega Gutierrez,S"]
[Result "1/2-1/2"]
[WhiteElo "2041"]
[BlackElo "2228"]

1.e4 c5 2.Nf3 Nc6 3.Bb5 e6 4.Bxc6 bxc6 5.d3 Ne7 6.O-O Ng6 7.Ng5 Be7 8.Qh5 e5
9.Na3 d6 10.f4 Bxg5 11.fxg5 Be6 12.Nc4 d5 13.exd5 cxd5 14.Na3 O-O 15.c3 Qb6
16.Kh1 Qa6 17.Qd1 e4 18.dxe4 Bg4 19.Qe1 Rae8 20.Be3 Rxe4 21.Qf2 Ne5 22.h3 Nd3
23.Qd2 Be6 24.b3 d4 25.cxd4 cxd4 26.Bg1 Bd5 27.Rf5 Ne5 28.Nc4 Nxc4 29.bxc4 Qxc4
30.Rc1 Qxa2 31.Qxa2 Bxa2 32.Ra5 Be6 33.Ra4 Rd8 34.Rd1 h6 35.Raxd4 Rdxd4 36.Rxd4 Re1
37.gxh6 gxh6 38.Kh2 Ra1 39.Rd8+ Kh7 40.Rh8+ Kxh8 41.Bd4+ Kh7 42.Bxa1 a5 43.Kg3 Bd5
44.Kf2 Kg6 45.g3 a4 46.Ke3 Kf5 47.Bb2 h5 48.h4 Kg4 49.Be5 a3 50.Kd3 a2 51.Kc2 Kf5
52.Bc3 Kg4 53.Be5 a1=Q 54.Bxa1 Kxg3 55.Bf6 Kg4 56.Kd3 Kf5 57.Bd8 Kf4 58.Bg5+ Kf5
59.Bd8 Kf4  1/2-1/2

[Event "WYb16"]
[Site "Halkidiki GRE"]
[Date "2003.11.02"]
[Round "11"]
[White "Milman,L"]
[Black "Akshayraj,K"]
[Result "1-0"]
[WhiteElo "2380"]
[BlackElo "2318"]

1.e4 c5 2.Nf3 Nc6 3.Bb5 g6 4.O-O Bg7 5.c3 Nf6 6.e5 Nd5 7.d4 cxd4 8.cxd4 O-O
9.Nc3 Nc7 10.Bf4 Nxb5 11.Nxb5 a6 12.Nc3 d6 13.exd6 exd6 14.h3 Bf5 15.Qd2 Re8
16.Rfe1 Qa5 17.a3 Qb6 18.Nd5 Qa7 19.Nc7 Rxe1+ 20.Rxe1 Rc8 21.Re8+ Rxe8 22.Nxe8 Bxd4
23.Bxd6 Bg7 24.Nxg7 Kxg7 25.g4 Be6 26.Qh6+ Kf6 27.g5+ Kf5 28.Qh4  1-0

[Event "1st Chesspangenberg Open"]
[Site "Buenos Aires ARG"]
[Date "2003.11.04"]
[Round "1"]
[White "Fiorito,F"]
[Black "Rivas,L"]
[Result "1-0"]
[WhiteElo "2420"]
[BlackElo "1932"]

1.e4 c5 2.Nf3 Nc6 3.Bb5 g6 4.Bxc6 bxc6 5.O-O Bg7 6.Re1 e5 7.c3 Ne7 8.d4 cxd4
9.cxd4 exd4 10.Nxd4 O-O 11.Nc3 Qb6 12.Nb3 d5 13.Bg5 f6 14.Be3 Qd8 15.Bc5 Rf7
16.Nd4 Bb7 17.Qb3 Qd7 18.Rad1 Rd8 19.Bxa7 Nc8 20.Bc5 Bh6 21.Qa4 Ne7 22.exd5 Nxd5
23.Nxd5 Ra8 24.Ne7+  1-0

[Event "ch-UKR"]
[Site "Simferopol UKR"]
[Date "2003.11.04"]
[Round "1"]
[White "Nazarevich,V"]
[Black "Eljanov,P"]
[Result "0-1"]
[WhiteElo "2345"]
[BlackElo "2597"]

1.e4 c5 2.Nf3 Nc6 3.Bb5 e6 4.Bxc6 bxc6 5.O-O Ne7 6.b3 Ng6 7.Bb2 f6 8.c4 e5
9.Na3 Be7 10.Nc2 O-O 11.Bc3 Nf4 12.Ne3 d5 13.exd5 cxd5 14.cxd5 Nxd5 15.Qc2 Nf4
16.Rfd1 Ba6 17.Nc4 Qd5 18.Ne3 Qf7 19.d3 Rad8 20.Ne1 Qg6 21.Nc4 h5 22.Bd2 Ne2+
23.Kf1 Nd4 24.Qb2 Bb7 25.Be3 Rd7 26.Bxd4 Rxd4 27.Qe2 Bd8 28.Rac1 Bc7 29.h3 Rfd8
30.Ne3 Bb6 31.Nc4 Kh7 32.Rd2 Bc7 33.Rcd1 Re8 34.f3 f5 35.Nc2 Rf4 36.Qe3 e4
37.Qxc5 exf3 38.Qxc7 Qg3 39.Qf7 fxg2+ 40.Kg1 Re1+  0-1

[Event "1st Chesspangenberg Open"]
[Site "Buenos Aires ARG"]
[Date "2003.11.05"]
[Round "2"]
[White "Bronstein,L"]
[Black "Guerrero,Alv"]
[Result "1-0"]
[WhiteElo "2331"]
[BlackElo "2132"]

1.e4 c5 2.Nf3 Nc6 3.Bb5 e6 4.O-O Nge7 5.c3 a6 6.Ba4 b5 7.Bc2 d5 8.e5 d4 9.cxd4 Nxd4
10.Be4 Ra7 11.a4 b4 12.d3 Ng6 13.Nbd2 Nxf3+ 14.Nxf3 Bb7 15.Qe2 Bxe4 16.Qxe4 Be7
17.d4 O-O 18.h4 Nxh4 19.Nxh4 Bxh4 20.dxc5 a5 21.Be3 Be7 22.c6 Ra6 23.Rfd1 Qc8
24.Rac1 Rd8 25.Rxd8+ Bxd8 26.c7  1-0

[Event "ch-UKR"]
[Site "Simferopol UKR"]
[Date "2003.11.05"]
[Round "2"]
[White "Ljukin,S"]
[Black "Shishkin,Va"]
[Result "0-1"]
[WhiteElo "2371"]
[BlackElo "2473"]

1.e4 c5 2.Nf3 Nc6 3.Bb5 g6 4.Bxc6 dxc6 5.d3 Bg7 6.h3 Nf6 7.Nc3 Nd7 8.Be3 e5
9.Qd2 h6 10.Ne2 f5 11.g3 Qf6 12.Nh2 b6 13.c3 Qd6 14.exf5 gxf5 15.f4 Ba6 16.O-O-O O-O-O
17.Kc2 Rhe8 18.Nc1 Qd5 19.Rhe1 c4 20.dxc4 Qxc4 21.Qg2 e4 22.Bd4 Bxd4 23.Rxd4 Qe6
24.g4 Nf6 25.gxf5 Qxf5 26.Kb1 Rxd4 27.cxd4 Qxf4 28.Ng4 Nxg4 29.Qxg4+ Qxg4
30.hxg4 Kc7 31.Kc2 Kd6 32.Kd2 Kd5 33.Rh1 e3+ 34.Ke1 Rf8 35.Ne2 Bxe2 36.Kxe2 Ke4
37.Rxh6 Rf2+ 38.Ke1 Rxb2 39.Rxc6 Kd3 40.Rc1 Rxa2 41.Rd1+ Ke4 42.d5 Kf3  0-1

[Event "ch-UKR"]
[Site "Simferopol UKR"]
[Date "2003.11.06"]
[Round "3"]
[White "Nazarevich,V"]
[Black "Kononenko,Dmitry2"]
[Result "0-1"]
[WhiteElo "2345"]
[BlackElo "2151"]

1.e4 c5 2.Nf3 Nc6 3.Bb5 g6 4.Bxc6 dxc6 5.h3 Bg7 6.d3 e5 7.Nc3 Ne7 8.Be3 Qd6
9.Nd2 b6 10.O-O Be6 11.a4 f5 12.Nc4 Qd7 13.exf5 gxf5 14.Qh5+ Bf7 15.Qe2 Bxc4
16.dxc4 e4 17.Rfd1 Qe6 18.Qd2 Kf7 19.Qd7 Rhd8 20.Qxe6+ Kxe6 21.a5 Ng6 22.Rxd8 Rxd8
23.axb6 axb6 24.Ne2 Bxb2 25.Rb1 Be5 26.g3 Bc7 27.Ra1 Be5 28.Ra6 Rd1+ 29.Kg2 Re1
30.Nf4+ Bxf4 31.Bxf4 Nxf4+ 32.gxf4 Rb1 33.c3 Rb3 34.Ra7 Rxc3 35.Rxh7 Rxc4
36.h4 Ra4 37.h5 Ra8 38.Kf1 c4  0-1

[Event "ch-UKR w"]
[Site "Nikolaev UKR"]
[Date "2003.11.07"]
[Round "4"]
[White "Moskalets,S"]
[Black "Sulejmanova,A"]
[Result "1-0"]
[WhiteElo "2146"]
[BlackElo "2230"]

1.e4 c5 2.Nf3 Nc6 3.Bb5 Qc7 4.O-O Nf6 5.Re1 e5 6.c3 Be7 7.h3 O-O 8.d4 cxd4
9.cxd4 exd4 10.Nxd4 Nxd4 11.Qxd4 Bc5 12.Qd3 a6 13.Ba4 b5 14.Bc2 Bb7 15.Nc3 Rae8
16.Bg5 Qe5 17.Bxf6 Qxf6 18.Re2 Qg6 19.Qxd7 Bc8 20.Qd3 Re5 21.Kh1 Rg5 22.e5 Bb7
23.Qxg6 hxg6 24.f4 Rh5 25.Be4 Bc8 26.Nd5 Bg4 27.Rc2 Bd4 28.Rd2 Ba7 29.Rc1 Be6
30.Ne7+ Kh8 31.Rd6 Be3 32.Rf1 Bc4 33.Rf3 Bc5 34.Rd7 Rh6 35.b3 Be6 36.Rc7 Bxe7
37.Rxe7 Rd8 38.Rd3 Rxd3 39.Bxd3 Bxh3 40.Kg1 Be6 41.Be4 Bf5 42.Bd5 g5 43.Rxf7 Bg4
44.Rf8+ Kh7 45.Bg8+ Kg6 46.e6 Bxe6 47.Bxe6 gxf4 48.Rxf4 Rh8 49.b4 Rd8 50.Re4 Rd1+
51.Kh2 Kf6 52.Bb3 Rd6 53.Kg3 Kf5 54.Bc2 Kf6 55.Kf3 g5 56.Ke3 Rc6 57.Bb3 a5
58.bxa5 Ra6 59.Re6+  1-0

[Event "7th BayEM"]
[Site "Bad Wiessee GER"]
[Date "2003.11.08"]
[Round "1"]
[White "Levushkina,E"]
[Black "Brink,G"]
[Result "1-0"]
[WhiteElo "2308"]
[BlackElo "2014"]

1.e4 c5 2.Nf3 Nc6 3.Bb5 d6 4.O-O e5 5.c3 Bg4 6.d3 Rc8 7.Nbd2 Be7 8.d4 a6
9.Bxc6+ Rxc6 10.dxe5 dxe5 11.b3 Bxf3 12.Qxf3 Bf6 13.Nc4 Ne7 14.a4 b5 15.axb5 axb5
16.Rd1 Qb8 17.Nd6+ Rxd6 18.Rxd6 Qxd6 19.Ra8+ Nc8 20.Rxc8+ Bd8 21.Be3 c4 22.Bc5 Qd7
23.Ra8 Qc6 24.Ra7 f6 25.Bb4 g6 26.Qg4 Bb6 27.Re7+  1-0

[Event "TCh-CZE Extraliga 2003-4"]
[Site "Czech Rep CZE"]
[Date "2003.11.08"]
[Round "1"]
[White "Jasik,K"]
[Black "Michalek,J"]
[Result "1-0"]
[WhiteElo "2331"]
[BlackElo "2396"]

1.e4 c5 2.Nf3 Nc6 3.Bb5 e6 4.O-O Nge7 5.c3 a6 6.Ba4 b5 7.Bc2 Bb7 8.d4 cxd4
9.Nxd4 Qc7 10.a4 b4 11.Be3 Rc8 12.Bd3 g6 13.Nb3 d6 14.Qe2 Ra8 15.Rc1 bxc3
16.Nxc3 Bg7 17.a5 Bxc3 18.Rxc3 O-O 19.Nd4 Rfc8 20.Nxc6 Nxc6 21.Bb6 Qe7 22.Rac1 Nb4
23.Bb1 Qg5 24.Qe1 Qb5 25.Qd2 Rc6 26.Rd1 Rxc3 27.bxc3 Nc6 28.c4 Qa4 29.f4 Re8
30.h3 Qxc4 31.Qxd6 e5 32.Qd5 Qa4 33.Ba2 Nd8 34.Bb3 Qa3 35.Qd3 Ne6 36.f5 Bxe4
37.fxe6 Bxd3 38.exf7+ Kf8 39.fxe8=Q+ Kxe8 40.Rxd3 Qc1+ 41.Rd1 Qc3 42.Bg8 h5
43.Bd5 h4 44.Bf3 Kf7 45.Be2 Qc8 46.Kh2 Kg7 47.Bd8 Qc3 48.Bxa6 g5 49.Be2 Qg3+
50.Kh1 e4 51.a6 Qf2 52.Bg4 e3 53.Bb6 Qa2 54.Bd4+ Kg6 55.Ra1 e2 56.Bxe2 Qxe2
57.a7  1-0

[Event "TCh-CZE Extraliga 2003-4"]
[Site "Czech Rep CZE"]
[Date "2003.11.08"]
[Round "1"]
[White "Stocek,J"]
[Black "Babula,V"]
[Result "1/2-1/2"]
[WhiteElo "2545"]
[BlackElo "2567"]

1.e4 c5 2.Nf3 Nc6 3.Bb5 d6 4.O-O Bd7 5.Re1 Nf6 6.h3 e6 7.c3 Ne5 8.Bxd7+ Qxd7
9.d4 Nxf3+ 10.Qxf3 cxd4 11.cxd4 d5 12.e5 Ne4 13.Nd2 Bb4 14.Nxe4 Bxe1 15.Nd6+ Kf8
16.Bh6 Bb4 17.Bxg7+ Kxg7 18.Qf6+ Kg8 19.Qg5+ Kf8 20.Qh6+ Kg8 21.Qg5+ Kf8
22.Qh6+ Kg8 23.Qg5+  1/2-1/2

[Event "ch-UKR w"]
[Site "Nikolaev UKR"]
[Date "2003.11.08"]
[Round "5"]
[White "Moskalets,S"]
[Black "Zozulia,A"]
[Result "1/2-1/2"]
[WhiteElo "2146"]
[BlackElo "2332"]

1.e4 c5 2.Nf3 Nc6 3.Bb5 d6 4.c3 Bd7 5.O-O Nf6 6.Re1 a6 7.Ba4 b5 8.Bc2 e5
9.d4 cxd4 10.cxd4 Bg4 11.dxe5 dxe5 12.Be3 Qxd1 13.Bxd1 Bb4 14.Nfd2 Bxd1 15.Rxd1 Ng4
16.Nf1 O-O 17.Nbd2 Rfd8 18.Nb3 a5 19.a3 Nxe3 20.Nxe3 Rxd1+ 21.Rxd1 a4 22.Nc1 Bc5
23.Nd5 Bd4 24.Nd3 Na5 25.Rd2 Kf8 26.Rc2 Nc4 27.Nc7 Rb8  1/2-1/2

[Event "TCh-CZE Extraliga 2003-4"]
[Site "Czech Rep CZE"]
[Date "2003.11.09"]
[Round "2"]
[White "Velicka,P"]
[Black "Prymula,R"]
[Result "1-0"]
[WhiteElo "2439"]
[BlackElo "2305"]

1.e4 c5 2.Nf3 Nc6 3.Bb5 g6 4.Bxc6 dxc6 5.d3 Bg7 6.h3 e5 7.Be3 b6 8.Qd2 h6
9.O-O Be6 10.Nc3 Ne7 11.Rae1 g5 12.Ne2 Ng6 13.Ng3 Qd7 14.Nh2 O-O-O 15.Nh5 Rhg8
16.a4 Nf4 17.Nxg7 Rxg7 18.f3 h5 19.a5 b5 20.Rf2 Rdg8 21.Qc3 f6 22.Qxc5 g4
23.fxg4 hxg4 24.hxg4 Bxg4 25.Nxg4 Rxg4 26.Bxf4 exf4 27.Ree2 Kb7 28.e5 fxe5
29.Qxe5 Ka6 30.Rxf4 R4g5 31.Qc3 Qd5 32.Rff2 R8g6 33.b4 Qd6 34.Re4 Rh5 35.Rff4 c5
36.Qd2 Rgh6 37.c3 cxb4 38.cxb4 Qd5 39.Qb2 Rh1+ 40.Kf2 Rc6 41.Rf6 Rh6 42.Rxh6 Rxh6
43.Qd4 Qa2+ 44.Kg3 Qb3 45.Rf4 Qe6 46.Qe4 Qd7 47.Qf5 Qc6 48.Rg4 Qd6+ 49.Rf4 Re6
50.Kf2 Kb7 51.Qxb5+ Kc7 52.Qc5+  1-0

[Event "15th Open"]
[Site "Leuven BEL"]
[Date "2003.11.09"]
[Round "4"]
[White "Berry,S"]
[Black "Bagaturov,G"]
[Result "1/2-1/2"]
[WhiteElo "2325"]
[BlackElo "2424"]

1.e4 c5 2.Nf3 Nc6 3.Bb5 d6 4.O-O Bd7 5.c3 Nf6 6.Qe2 a6 7.Ba4 b5 8.Bc2 e5
9.d3 g6 10.Rd1 Bg7 11.Nbd2 O-O 12.Nf1 d5 13.Bg5 d4 14.cxd4 cxd4 15.Rdc1 h6
16.Bh4 Qe7 17.N1d2 Qd6 18.Bb3 Rac8 19.Bg3 Nh5 20.a3 Nxg3 21.hxg3 Rc7 22.a4 Nb4
23.Rxc7 Qxc7 24.axb5 axb5 25.Ne1 Rc8 26.Ndf3 Qc5 27.Nh4 Qd6 28.Qd2 Bf8 29.f4 Be6
30.Bxe6 Qxe6 31.f5 Qf6 32.fxg6 fxg6 33.Kh2 Rc7 34.Ra8 Kg7 35.Qd1 Nc6 36.Qb3 b4
37.Ra6 Ra7 38.Rb6 Bc5 39.Rb5 Bf8 40.Nef3 Rd7 41.Qc4 Be7 42.Nd2 Nd8 43.Nhf3 Nf7
44.Rd5 Rxd5 45.Qxd5 Qd6 46.Qa2 h5 47.Nc4 Qc5 48.Qa6 Bf6 49.Qe6 Nd8 50.Qd7+ Nf7
51.b3 Kf8 52.Qe6 Qe7 53.Qd5  1/2-1/2

[Event "15th Open"]
[Site "Leuven BEL"]
[Date "2003.11.09"]
[Round "4"]
[White "Antonio,R"]
[Black "Mohandesi,S"]
[Result "1-0"]
[WhiteElo "2521"]
[BlackElo "2329"]

1.e4 c5 2.Nf3 Nc6 3.Bb5 d6 4.O-O Bg4 5.h3 Bh5 6.Re1 e5 7.c3 Ne7 8.d3 a6 9.Ba4 Nc8
10.Nbd2 Be7 11.Nf1 O-O 12.g4 Bg6 13.Ng3 b5 14.Bc2 Nb6 15.Qe2 Re8 16.Nf5 Bf8
17.Kh2 d5 18.Rg1 Ra7 19.h4 f6 20.Rg3 Kh8 21.h5 Bf7 22.Rh3 d4 23.g5 c4 24.gxf6 Qxf6
25.Bg5 Qe6 26.Rg1 Rd7 27.N3h4 cxd3 28.Bxd3 dxc3 29.bxc3 Qxa2 30.Qg4 Qe6 31.Be3 Rxd3
32.Ng6+ Bxg6 33.hxg6 Qg8 34.Rxh7+ Qxh7+ 35.gxh7 Nc4 36.Qg6  1-0

[Event "ch-Europe Internet Blitz"]
[Site "playchess.com INT"]
[Date "2003.11.09"]
[Round "1.1"]
[White "Sadvakasov,D"]
[Black "Grebionkin,Vl"]
[Result "0-1"]
[WhiteElo "2595"]
[BlackElo "2462"]

1.e4 c5 2.Nf3 Nc6 3.Bb5 d6 4.O-O Bd7 5.Re1 a6 6.Bxc6 Bxc6 7.d4 cxd4 8.Nxd4 Rc8
9.Bg5 Qa5 10.Bh4 e6 11.Nc3 Be7 12.Bxe7 Nxe7 13.Nb3 Qc7 14.Qd4 O-O 15.a4 Rfd8
16.a5 e5 17.Qe3 Re8 18.Red1 Red8 19.Rd3 d5 20.exd5 Nxd5 21.Nxd5 Rxd5 22.Rad1 Rcd8
23.c4 Rxd3 24.Rxd3 Rxd3 25.Qxd3 Ba4 26.g3 g6 27.Qc3 Bc6 28.Nd2 Qd7 29.f3 h5
30.b4 h4 31.g4 h3 32.Kf2 e4 33.Nxe4 Bxe4 34.fxe4 Qxg4 35.Qf3 Qh4+ 36.Ke2 Qe7
37.b5 Qb4 38.Qxh3 Qxc4+ 39.Qd3 Qa2+ 40.Qd2 Qc4+ 41.Qd3 Qa2+ 42.Kf3 Qxa5 43.bxa6 bxa6
44.Qd6 Qh5+ 45.Kg3 a5 46.Qd8+ Kg7 47.Qd4+ Kh7 48.Qd7 Qg5+ 49.Kf3 Qf6+ 50.Kg3 Kg7
51.Qb5 Qd6+ 52.Kg2 Qb4 53.Qe5+ Kh7 54.Qf6 Qxe4+ 55.Kg3 Qf5 56.Qh4+ Kg7 57.Qd4+ Qf6
58.Qa4 Qc3+ 59.Kg2 Qb4 60.Qa1+ Kg8 61.Qe5 a4 62.Qe8+ Kg7 63.Qe5+ Kh7 64.Qe8 Qb7+
65.Kg3 Qa7 66.Qd8 a3 67.Qh4+ Kg7 68.Qe4 a2 69.Qe5+ Kh7 70.Qa1 Qa3+ 71.Kg4 Qb4+
72.Kg5 Qb1 73.Qd4 Qf5+ 74.Kh4 Qh5+ 75.Kg3 Qg5+ 76.Kh3 Qf5+ 77.Kg3 Qb1 78.Qd5 Qf5
79.Qxa2 Qe5+ 80.Kg2 Kg7 81.Qc2 Qf5 82.Kg3 Qxc2  0-1

[Event "ch-Europe Internet Blitz"]
[Site "playchess.com INT"]
[Date "2003.11.09"]
[Round "1.1"]
[White "Adams,Mi"]
[Black "Dovramadjiev,T"]
[Result "1-0"]
[WhiteElo "2725"]
[BlackElo "2312"]

1.e4 c5 2.Nf3 Nc6 3.Bb5 g6 4.Bxc6 bxc6 5.O-O Bg7 6.Re1 Nh6 7.c3 O-O 8.d4 cxd4
9.cxd4 f6 10.Nc3 Nf7 11.b3 d6 12.h3 Bd7 13.Bb2 Rb8 14.Rc1 Qa5 15.Nd2 Rfc8
16.Nc4 Qd8 17.Qe2 c5 18.d5 a6 19.f4 Bb5 20.Nxb5 axb5 21.Ne3 Qa5 22.Bc3 Qa7
23.Kh1 Ra8 24.Rc2 Rcb8 25.Ng4 Qa6 26.Ba1 Ra7 27.e5 f5 28.e6 Nd8 29.Nf6+ Bxf6
30.Bxf6 Qb7 31.Rd2 exf6 32.e7 Nf7 33.e8=Q+ Rxe8 34.Qxe8+ Kg7 35.Qc6 Qxc6
36.dxc6 Rc7 37.Re8 b4 38.Rde2 Rxc6 39.R2e7 d5 40.Rd7 c4 41.bxc4 dxc4 42.Ree7 c3
43.Rxf7+ Kg8 44.Rg7+ Kf8 45.Rxh7 Kg8 46.Rhe7 Rc8 47.Re1 Ra8 48.Rb7  1-0

[Event "ch-Europe Internet Blitz"]
[Site "playchess.com INT"]
[Date "2003.11.09"]
[Round "1.3"]
[White "Sutovsky,E"]
[Black "Abergel,T"]
[Result "1-0"]
[WhiteElo "2646"]
[BlackElo "2430"]

1.e4 c5 2.Nf3 Nc6 3.Bb5 g6 4.O-O Bg7 5.Re1 Nf6 6.e5 Nd5 7.Nc3 Nc7 8.Bxc6 dxc6
9.Ne4 Ne6 10.d3 O-O 11.Be3 b6 12.Qd2 f6 13.Bh6 f5 14.Bxg7 Kxg7 15.Neg5 h6
16.Nxe6+ Bxe6 17.h4 Rg8 18.Qf4 Kh7 19.Rad1 Qc7 20.d4 c4 21.Nd2 Rad8 22.Nf1 c5
23.dxc5 Qxc5 24.Ne3 b5 25.c3 a5 26.Rd4 Rxd4 27.cxd4 Qb4 28.Rd1 Qxb2 29.d5 Rd8
30.h5 g5 31.Qf3 Bc8 32.d6 Qxe5 33.Rd5 Qf6 34.dxe7 Qxe7 35.Rxd8 Qxd8 36.Qc6 f4
37.Qg6+ Kh8 38.Qxh6+ Kg8 39.Qg6+ Kh8 40.h6 Qg8 41.Qf6+ Kh7 42.Nd5 Be6 43.Nc7 Qf7
44.Qe5 Bf5 45.Nxb5 Qg6 46.Nd4 Bd3 47.Qxa5 Kxh6 48.a4 Qg8 49.Qb5 Qd8 50.Nf3 g4
51.Ne5 Bf5 52.Nf7+  1-0

[Event "ch-IND A Women"]
[Site "Calicut IND"]
[Date "2003.11.10"]
[Round "3"]
[White "Thipsay,B"]
[Black "Ramaswamy,A"]
[Result "0-1"]
[WhiteElo "2249"]
[BlackElo "2322"]

1.e4 c5 2.Nf3 Nc6 3.Bb5 g6 4.Bxc6 dxc6 5.d3 Bg7 6.Nc3 Nf6 7.h3 Nd7 8.Be3 e5
9.Qd2 h6 10.O-O Qe7 11.Na4 b6 12.a3 Nf8 13.b4 f5 14.exf5 gxf5 15.Rae1 Ne6
16.Qe2 cxb4 17.Bd2 bxa3 18.Nxe5 O-O 19.Ng6 Qf7 20.Nxf8 Qxf8 21.Qh5 Bd7 22.Re3 b5
23.Nc3 b4 24.Na2 a5 25.Rg3 f4 26.Rg4 Kh8 27.Re1 Be8 28.Rg6 Bxg6 29.Qxg6 Nd4
30.Re4 Qf6 31.Qxf6 Bxf6 32.c3 b3  0-1

[Event "ch-IND A Women"]
[Site "Calicut IND"]
[Date "2003.11.10"]
[Round "3"]
[White "Meera,S"]
[Black "Sangeetha,M"]
[Result "1-0"]
[WhiteElo "2160"]
[BlackElo "2140"]

1.e4 c5 2.Nf3 Nc6 3.Bb5 g6 4.O-O Bg7 5.c3 Nf6 6.Re1 O-O 7.h3 Ne8 8.d4 cxd4
9.cxd4 Nc7 10.Bf1 d5 11.e5 Ne6 12.Nc3 b6 13.a3 Bb7 14.b4 Rc8 15.Qd3 Qd7 16.h4 h5
17.Be3 Nc7 18.Ng5 e6 19.Be2 Ne7 20.Bxh5 Nf5 21.Bg4 Ba6 22.Qd1 Nxh4 23.g3 Nf5
24.Qf3 Nh6 25.Qh1 Rfe8 26.Bf3 Qd8 27.Rac1 Bc4 28.Nce4 dxe4 29.Nxe4 Bd5 30.Bg5 Bxe4
31.Bxd8 Bxf3 32.Qxf3 Rexd8 33.Qb7 Rb8 34.Qxc7 a5 35.b5 Nf5 36.Red1 Bf8 37.Rc6 Bxa3
38.Rxb6 Rbc8 39.Qa7 Nxd4 40.Rxd4 Rxd4 41.Rc6 Rcd8 42.b6 Bb2 43.b7 Rd1+ 44.Kg2 Bxe5
45.Qxa5 Bb8 46.Rc8 Rf8 47.Qa8  1-0

[Event "ch-UKR"]
[Site "Simferopol UKR"]
[Date "2003.11.10"]
[Round "7"]
[White "Biliy,V"]
[Black "Golovach,V"]
[Result "1-0"]
[WhiteElo "2422"]
[BlackElo "2217"]

1.e4 c5 2.Nf3 Nc6 3.Bb5 g6 4.O-O Bg7 5.d3 Nf6 6.Bxc6 bxc6 7.e5 Nd5 8.c4 Nc7
9.Be3 Ne6 10.Qd2 d6 11.exd6 Qxd6 12.Nc3 Nd4 13.Ng5 f5 14.Nh3 O-O 15.Bh6 Ba6
16.Kh1 Rad8 17.Bxg7 Kxg7 18.f4 Rfe8 19.Na4 Bc8 20.Rae1 Kf6 21.Re5 Ne6 22.Rfe1 Qd4
23.R1e2 Rd6 24.Qe1 h6 25.R2e3 g5 26.g3 Rg8 27.fxg5+ hxg5 28.Qf1 Qxe5 29.Rxe5 Kxe5
30.Qf2 Kf6 31.Nxc5 Nxc5 32.Qxc5 Rxd3 33.Nf2 Rd2 34.Qxa7 Rgd8 35.Qe3 R8d4
36.Kg1 c5 37.h4 gxh4 38.gxh4 Rxb2 39.Qh6+ Kf7 40.Qh5+ Ke6 41.Qg6+ Ke5 42.Nd3+ Ke4
43.Nxb2 Bd7 44.Qg2+ Ke5 45.Kf1 f4 46.Qg7+ Kd6 47.Nd3 Rxc4 48.Qe5+ Kc6 49.Qxe7 Bh3+
50.Kf2 Rc2+ 51.Kf3 Kb5 52.Qb7+ Ka5 53.Qa7+ Kb5 54.Qb8+ Ka5 55.Kxf4 Bf1 56.Ne5 Rxa2
57.Qa7+ Ba6 58.Qxc5+ Ka4 59.Nc6 Kb3 60.Qb6+ Kc3 61.Qe3+ Kb2 62.Qd2+  1-0

[Event "ch-UKR"]
[Site "Simferopol UKR"]
[Date "2003.11.10"]
[Round "7"]
[White "Ljukin,S"]
[Black "Shalimov,V UKR"]
[Result "0-1"]
[WhiteElo "2371"]
[BlackElo "2464"]

1.e4 c5 2.Nf3 Nc6 3.Bb5 g6 4.O-O Bg7 5.c3 Nf6 6.Re1 O-O 7.d4 cxd4 8.cxd4 d5
9.e5 Ne4 10.Nc3 Nxc3 11.bxc3 Bg4 12.Bg5 Rc8 13.h3 Bf5 14.g4 Bd7 15.Qb3 Na5
16.Qxd5 Bxb5 17.Qxb5 Rxc3 18.Kg2 Nc6 19.Be3 Qd7 20.Rab1 f5 21.Qxb7 Qd5 22.Rec1 Rxc1
23.Rxc1 fxg4 24.Qxc6 gxf3+ 25.Kh2 Qxa2 26.Qd7 Bh6 27.Rc8 Bxe3 28.Rxf8+ Kxf8
29.Qd8+ Kf7 30.e6+ Qxe6 31.fxe3 Qd6+  0-1

[Event "1st Chesspangenberg Open"]
[Site "Buenos Aires ARG"]
[Date "2003.11.11"]
[Round "7"]
[White "Ricardi,P"]
[Black "Felgaer,R"]
[Result "1-0"]
[WhiteElo "2540"]
[BlackElo "2554"]

1.e4 c5 2.Nf3 Nc6 3.Bb5 e6 4.O-O Nge7 5.c3 d5 6.exd5 Nxd5 7.d4 cxd4 8.cxd4 Be7
9.Nc3 O-O 10.Re1 Bd7 11.Bd3 Rc8 12.Bb1 Re8 13.Ne4 f5 14.Nc3 Nxc3 15.bxc3 Bf6
16.Bd2 e5 17.dxe5 Nxe5 18.Nd4 g6 19.a4 Kh8 20.Ba2 Nc4 21.Bh6 Nd6 22.Ne6 Bxe6
23.Rxe6 Ne4 24.Rxe8+ Qxe8 25.Qf1 g5 26.Re1 Qg6 27.Qb5 Bxc3 28.Qd7 Qc6 29.Rd1 Qxd7
30.Rxd7 Bf6 31.g3 g4 32.Rxb7 Rd8 33.Rf7 Bd4 34.Rxf5 Nxf2 35.Kf1 Ne4 36.Rd5 Rxd5
37.Bxd5 Nc3 38.Bb3 a5 39.Ke1 Ne4 40.Ke2 Nc5 41.Bc2 Kg8 42.Bd2 Nd7 43.Be4 Nc5
44.Bc6 Kf7 45.Bxa5 Ke6 46.Bc7 Bc3 47.Bf4 h5 48.Be8 h4 49.gxh4 Ba5 50.h5 Kf5
51.Be3 Nxa4 52.Bxa4 Bc7 53.Bd7+ Kf6 54.Bxg4 Bxh2 55.Bd4+ Be5 56.Bxe5+ Kxe5
57.h6 Kf6 58.Bh5  1-0

[Event "1st Chesspangenberg Open"]
[Site "Buenos Aires ARG"]
[Date "2003.11.11"]
[Round "7"]
[White "Real de Azua,E"]
[Black "Mareco,S"]
[Result "1-0"]
[WhiteElo "2320"]
[BlackElo "2162"]

1.e4 c5 2.Nf3 Nc6 3.Bb5 g6 4.O-O Bg7 5.c3 Nf6 6.Re1 O-O 7.d4 cxd4 8.cxd4 d5
9.e5 Ne4 10.Nc3 Bf5 11.Nh4 Be6 12.Bxc6 bxc6 13.Na4 g5 14.f3 gxh4 15.fxe4 dxe4
16.Rxe4 h3 17.Qh5 Qd5 18.Nc3 Qd7 19.Bh6 Bf5 20.Qg5 Bg6 21.Bxg7 Kxg7 22.Rh4 hxg2
23.Re1 Rab8 24.Re3 Rg8 25.e6 Qd8 26.Rxh7+ Kf8 27.Qh6+ Ke8 28.exf7+  1-0

[Event "ch-UKR w"]
[Site "Nikolaev UKR"]
[Date "2003.11.11"]
[Round "8"]
[White "Doluhanova,E"]
[Black "Ushenina,A"]
[Result "0-1"]
[WhiteElo "2175"]
[BlackElo "2311"]

1.e4 c5 2.Nf3 Nc6 3.Bb5 e6 4.O-O Nge7 5.c3 a6 6.Ba4 b5 7.Bc2 Bb7 8.a3 d5
9.exd5 Nxd5 10.d4 cxd4 11.cxd4 g6 12.Bg5 Nce7 13.Nc3 Bg7 14.Ne4 Ra7 15.Nc5 Ba8
16.a4 b4 17.Qe2 Nc7 18.Be4 O-O 19.Bxa8 Rxa8 20.Rac1 Qe8 21.Bf4 Ned5 22.Be5 Bh6
23.Rc2 a5  0-1

[Event "KB Rapid Match"]
[Site "Reykjavic ISL"]
[Date "2003.11.11"]
[Round "1"]
[White "Olafsson,F"]
[Black "Larsen,Be"]
[Result "1/2-1/2"]
[WhiteElo "2452"]
[BlackElo "2470"]

1.e4 c5 2.Nf3 Nc6 3.Bb5 e6 4.O-O Nge7 5.b3 b6 6.Re1 Bb7 7.Bb2 Ng6 8.Nc3 Be7
9.Ne2 O-O 10.d4 cxd4 11.Nexd4 Nxd4 12.Qxd4 Bf6 13.e5 Nxe5 14.Nxe5 d6 15.Qf4 dxe5
16.Bxe5 Bxe5 17.Rxe5 Qf6 18.Qxf6 gxf6 19.Re3 Rad8 20.Bd3  1/2-1/2

[Event "ch-UKR"]
[Site "Simferopol UKR"]
[Date "2003.11.11"]
[Round "8"]
[White "Zavgorodniy,S"]
[Black "Bakalov,E"]
[Result "1-0"]
[WhiteElo "2418"]
[BlackElo "2332"]

1.e4 c5 2.Nf3 Nc6 3.Bb5 d6 4.O-O e6 5.c3 a6 6.Bxc6+ bxc6 7.d4 d5 8.e5 a5
9.Re1 Qb6 10.Nbd2 h5 11.Nb3 c4 12.Nbd2 a4 13.Nf1 Ne7 14.h3 Nf5 15.Ng3 Be7
16.Nxf5 exf5 17.Qc2 Qd8 18.Bd2 g5 19.e6 Bxe6 20.Ne5 Qd6 21.Re2 h4 22.Rae1 Rh6
23.f4 Rh5 24.fxg5 Bxg5 25.Bxg5 Rxg5 26.Qd2 Rg3 27.Qh6 O-O-O 28.Qxh4 Rdg8
29.Qh6 Qc7 30.h4 Kb7 31.a3 Kb6 32.Qf6 Qd8 33.Qxd8+ Rxd8 34.Rf1 c5 35.Rf4 cxd4
36.Rxd4 Rdg8 37.Kh2 Kc5 38.h5 R3g5 39.Rh4 f4 40.Nf3 Rg4 41.Rf2 Rh8 42.Kg1 Rxh4
43.Nxh4 Rxh5 44.Rxf4 Rh8 45.Rd4 Rb8 46.Rd2 Rg8 47.Kf2 Rg4 48.Nf3  1-0

[Event "ch-UKR"]
[Site "Simferopol UKR"]
[Date "2003.11.11"]
[Round "8"]
[White "Yastreb,K"]
[Black "Shishkin,Va"]
[Result "0-1"]
[WhiteElo "2338"]
[BlackElo "2473"]

1.e4 c5 2.Nf3 Nc6 3.Bb5 g6 4.Bxc6 dxc6 5.d3 Bg7 6.Nc3 Bg4 7.h3 Bxf3 8.Qxf3 e5
9.Be3 Qe7 10.O-O Nf6 11.a3 Nd7 12.Rab1 O-O 13.Qd1 Rfd8 14.b4 b5 15.Qd2 a5
16.Ne2 cxb4 17.axb4 a4 18.c4 bxc4 19.dxc4 Nc5 20.Bxc5 Rxd2 21.Bxe7 Rxe2 22.b5 Rxe4
23.bxc6 Rxc4 24.Rfc1 Rxc1+ 25.Rxc1 f5 26.c7 Rc8 27.Rc4 Kf7 28.Ba3 e4 29.Rxa4 Rxc7
30.g3 Ke6 31.Ra6+ Kd5 32.Rd6+ Kc4 33.Bc1 Bd4 34.Be3 Bxe3 35.fxe3 Rb7 36.Kf2 Rb2+
37.Kf1 Kc3 38.Rd7 Rd2 39.Ra7 Rc2 40.Rd7 Rc1+ 41.Kf2 Rc2+ 42.Kf1 g5 43.Rxh7 Kd3
44.Rf7 f4 45.gxf4 g4 46.hxg4 Kxe3 47.Rb7 Kf3 48.Kg1 Rg2+  0-1

[Event "7th BayEM"]
[Site "Bad Wiessee GER"]
[Date "2003.11.12"]
[Round "5"]
[White "Rozentalis,E"]
[Black "Shaw,J"]
[Result "1-0"]
[WhiteElo "2633"]
[BlackElo "2465"]

1.e4 c5 2.Nf3 Nc6 3.Bb5 g6 4.O-O Bg7 5.Re1 e5 6.c3 Nge7 7.d3 O-O 8.Nbd2 d6
9.a3 h6 10.b4 cxb4 11.axb4 Be6 12.Bc4 d5 13.exd5 Nxd5 14.b5 Na5 15.Bxd5 Bxd5
16.Bb2 Re8 17.c4 Bxf3 18.Nxf3 e4 19.Bxg7 Kxg7 20.Nd2 b6 21.Nxe4 Qd4 22.c5 Rad8
23.c6 a6 24.Ra4 Qe5 25.Qa1 Qxa1 26.Raxa1 f5 27.c7  1-0